[Event "Foxwoods Open"]
[Site "Ledyard, CT"]
[Date "2009.04.10"]
[Round "4"]
[White "Vaughan, John"]
[Black "Hanken, Jerome"]
[Result "1-0"]
[WhiteElo "1899"]
[BlackElo "2200"]
[PlyCount "81"]
[EventDate "2009.04.??"]
[EventRounds "9"]
[EventCountry "USA"]
[Source "MonRoi"]

1. c4 g6 2. g3 Bg7 3. Bg2 c5 4. Nc3 Nc6 5. e3 e6 6. Nge2 Nge7 7. d4 O-O 8. O-O
cxd4 9. Nxd4 d5 10. cxd5 exd5 11. Nde2 Bg4 12. Qa4 Qc8 13. Nf4 d4 14. exd4 Nxd4
15. Be3 Nf3+ 16. Kh1 Rd8 17. Rac1 Bd7 18. Qa3 Bc6 19. Qxe7 Re8 20. Qa3 Qf5 21.
Nce2 g5 22. Rxc6 bxc6 23. Bxf3 gxf4 24. Nxf4 Rab8 25. Kg2 Rxb2 26. Qxa7 Qb5 27.
a4 Qb3 28. Bd4 Rd2 29. Bxg7 Kxg7 30. Bxc6 Re5 31. Bb5 Qc2 32. Qb7 Re3 33. Kg1
Re5 34. Qf3 Re7 35. Nd5 Re6 36. Ne3 Qb2 37. Nc4 Rf6 38. Qg4+ Rg6 39. Qf4 Qd4
40. Qxd2 Qh4 41. Ne5 1-0

[Event "Foxwoods Open"]
[Site "Ledyard, CT"]
[Date "2009.04.10"]
[Round "4"]
[White "West, Jonathan"]
[Black "Kis, Lorand B"]
[Result "0-1"]
[WhiteElo "1992"]
[BlackElo "2234"]
[PlyCount "118"]
[EventDate "2009.04.??"]
[EventRounds "9"]
[EventCountry "USA"]
[Source "MonRoi"]

1. e4 e5 2. Nf3 Nc6 3. d4 exd4 4. Bc4 Nf6 5. e5 d5 6. Bb5 Ne4 7. Nxd4 Bd7 8.
Bxc6 bxc6 9. O-O Bc5 10. f3 Ng5 11. f4 Ne4 12. Be3 Bb6 13. Nd2 Nxd2 14. Qxd2 c5
15. Ne2 d4 16. Bf2 h5 17. Qd3 g6 18. Ng3 h4 19. Ne4 h3 20. Rfe1 Kf8 21. Ng5 Bc6
22. Qb3 Qd5 23. Qxd5 Bxd5 24. Nxh3 Ba5 25. Red1 Rb8 26. b3 Bc3 27. Rab1 Be4 28.
Rbc1 Bb2 29. Rb1 Ba3 30. Ng5 Bxc2 31. Rbc1 Bxc1 32. Rxc1 d3 33. Bxc5+ Kg7 34.
Ne4 Rhd8 35. Be3 Rd5 36. Bd2 a5 37. Kf2 a4 38. b4 Rd4 39. Ke3 Rdxb4 40. Bxb4
Rxb4 41. Nf2 Rc4 42. Kd2 c5 43. g3 a3 44. h4 Rd4 45. Kc3 Kf8 46. Kd2 Ke7 47.
Re1 Ke6 48. Nd1 Bxd1 49. Rxd1 c4 50. Rc1 Re4 51. Kc3 Kd5 52. Kb4 Re2 53. Kxa3
Kd4 54. g4 c3 55. Kb3 Rb2+ 56. Ka3 d2 57. Rd1 Kd3 58. Rh1 Kc2 59. Rh2 Kc1 0-1

[Event "Foxwoods Open"]
[Site "Ledyard, CT"]
[Date "2009.04.10"]
[Round "4"]
[White "Zhao, Parker Bi Guang"]
[Black "Sammour Hasbun, Jorge E"]
[Result "0-1"]
[WhiteElo "2318"]
[BlackElo "2611"]
[PlyCount "28"]
[EventDate "2009.04.??"]
[EventRounds "9"]
[EventCountry "USA"]
[Source "MonRoi"]

1. e4 c5 2. Nf3 d6 3. d4 cxd4 4. Nxd4 Nf6 5. Nc3 a6 6. g3 e6 7. g4 d5 8. e5
Nfd7 9. Bf4 Qc7 10. Bg2 Nxe5 11. O-O Bd6 12. Re1 O-O 13. Ncb5 axb5 14. Nxb5 Qc4
0-1

[Event "Foxwoods Open"]
[Site "Ledyard, CT"]
[Date "2009.04.10"]
[Round "5"]
[White "Ardaman, Miles"]
[Black "Dougherty, Michael"]
[Result "0-1"]
[WhiteElo "2330"]
[BlackElo "2263"]
[PlyCount "46"]
[EventDate "2009.04.??"]
[EventRounds "9"]
[EventCountry "USA"]
[Source "MonRoi"]

1. b3 d5 2. Bb2 Nf6 3. e3 Bg4 4. Ne2 Nbd7 5. h3 Bf5 6. g4 Be4 7. Rg1 h6 8. d3
Bh7 9. Nd2 e6 10. f4 Bc5 11. Kf2 g5 12. Nf3 Rg8 13. Qd2 Qe7 14. Ned4 O-O-O 15.
a3 Bb6 16. b4 e5 17. fxe5 Nxe5 18. Be2 Rge8 19. Nxe5 Qxe5 20. Rg3 c6 21. Rf1
Bc7 22. Rf3 Ne4+ 23. dxe4 dxe4 0-1

[Event "Foxwoods Open"]
[Site "Ledyard, CT"]
[Date "2009.04.10"]
[Round "5"]
[White "Cardona, Liulia"]
[Black "Lucente, Mike"]
[Result "1/2-1/2"]
[WhiteElo "2181"]
[BlackElo "2010"]
[PlyCount "108"]
[EventDate "2009.04.??"]
[EventRounds "9"]
[EventCountry "USA"]
[Source "MonRoi"]

1. e4 c5 2. b3 e6 3. Bb2 Nc6 4. d3 d6 5. g3 Nf6 6. Bg2 Be7 7. Ne2 Qc7 8. f4 d5
9. h3 dxe4 10. dxe4 O-O 11. O-O Rd8 12. Qe1 b6 13. g4 Bb7 14. g5 Ne8 15. e5 Nd4
16. Nxd4 cxd4 17. c4 dxc3 18. Nxc3 Bxg2 19. Kxg2 Rd3 20. Ne4 Rad8 21. Rc1 Qb7
22. Rc2 Qd5 23. Kh2 Bc5 24. Re2 a5 25. Qh4 Rd1 26. Rxd1 Qxd1 27. Qe1 Bb4 28.
Bc3 Qxe1 29. Bxe1 Nc7 30. Bxb4 axb4 31. Rc2 Nd5 32. Rc4 Kf8 33. Kg3 Ke7 34. Nf2
Ra8 35. Nd3 Rxa2 36. Nxb4 Nxb4 37. Rxb4 Ra6 38. Rd4 b5 39. Kf3 Ra3 40. Rd3 Ra1
41. Rc3 Rb1 42. Rd3 Rf1+ 43. Ke3 Re1+ 44. Kd2 Re4 45. Rf3 Rd4+ 46. Kc3 Rd5 47.
Kb4 Kd7 48. Ka5 Kc6 49. h4 Rd4 50. h5 b4 51. h6 g6 52. Rf1 Re4 53. Rc1+ Kd5 54.
Rd1+ Kc6 1/2-1/2

[Event "Foxwoods Open"]
[Site "Ledyard, CT"]
[Date "2009.04.10"]
[Round "5"]
[White "Edgerle, Ian"]
[Black "Pamatmat, Jarod"]
[Result "0-1"]
[WhiteElo "1911"]
[BlackElo "2165"]
[PlyCount "108"]
[EventDate "2009.04.??"]
[EventRounds "9"]
[EventCountry "USA"]
[Source "MonRoi"]

1. e4 e6 2. d4 d5 3. exd5 exd5 4. Bd3 c5 5. dxc5 Bxc5 6. Nf3 Nf6 7. O-O O-O 8.
Bg5 h6 9. Bh4 Bg4 10. Nc3 g5 11. Bg3 Nc6 12. h3 Bh5 13. Be2 Ne4 14. Nxe4 dxe4
15. Nd2 Bg6 16. Nb3 Be7 17. Qxd8 Rfxd8 18. c3 Rac8 19. Rfd1 f5 20. Rxd8+ Rxd8
21. Rd1 Rxd1+ 22. Bxd1 f4 23. Bh2 Kf7 24. g3 Bd6 25. gxf4 gxf4 26. Bc2 Kf6 27.
Kf1 Bf5 28. h4 Ke5 29. Nd2 b5 30. a4 a6 31. Ke2 h5 32. axb5 axb5 33. Nf1 Bg4+
34. Ke1 Be7 35. Ne3 Bxh4 36. Ng2 Bg5 37. Kf1 Bh3 38. Kg1 Ne7 39. Ne1 Nd5 40.
Bd1 h4 41. Be2 Bd7 42. Nc2 Be7 43. f3 Bc5+ 44. Kf1 Ne3+ 45. Nxe3 Bxe3 46. Ke1
Bc6 47. Kd1 exf3 48. Bd3 Bf2 49. Bf1 Bg3 50. Bg1 f2 51. Bxf2 Bxf2 52. Ke2 Bb6
53. b3 f3+ 54. Kd3 Bd7 0-1

[Event "Foxwoods Open"]
[Site "Ledyard, CT"]
[Date "2009.04.10"]
[Round "5"]
[White "Ivanov, Alexander"]
[Black "Shabalov, Alexander"]
[Result "0-1"]
[WhiteElo "2596"]
[BlackElo "2625"]
[PlyCount "76"]
[EventDate "2009.04.??"]
[EventRounds "9"]
[EventCountry "USA"]
[Source "MonRoi"]

1. e4 c5 2. Nf3 d6 3. d4 cxd4 4. Nxd4 Nf6 5. Nc3 a6 6. g3 e5 7. Nb3 Be7 8. Bg2
O-O 9. O-O Nbd7 10. a4 b6 11. Nd5 Nxd5 12. exd5 a5 13. Re1 Ba6 14. f4 Qc7 15.
Bd2 Bf6 16. f5 Rac8 17. Bc3 Bg5 18. Kh1 Bb7 19. h4 Bh6 20. g4 Bf4 21. g5 f6 22.
g6 hxg6 23. fxg6 f5 24. Qh5 Bh6 25. Rad1 Kh8 26. Rf1 f4 27. Qe2 Qd8 28. Be1 Nf6
29. c4 e4 30. Nd4 f3 31. Bxf3 exf3 32. Rxf3 Nxd5 33. Rxf8+ Qxf8 34. cxd5 Bxd5+
35. Kh2 Re8 36. Qg4 Rxe1 37. Rxe1 Qf2+ 38. Kh3 Qxe1 0-1

[Event "Foxwoods Open"]
[Site "Ledyard, CT"]
[Date "2009.04.10"]
[Round "5"]
[White "Kacheishvili, Giorgi"]
[Black "Vigorito, David"]
[Result "1/2-1/2"]
[WhiteElo "2647"]
[BlackElo "2453"]
[PlyCount "43"]
[EventDate "2009.04.??"]
[EventRounds "9"]
[EventCountry "USA"]
[Source "MonRoi"]

1. c4 g6 2. d4 Bg7 3. e4 d6 4. Nc3 Nf6 5. Be2 O-O 6. Nf3 e5 7. O-O Na6 8. Re1
Bg4 9. Be3 Bxf3 10. Bxf3 exd4 11. Bxd4 Nb4 12. Qd2 Nc6 13. Be3 Nd7 14. Nd5 Nc5
15. Bg5 f6 16. Bh4 Ne5 17. Qc2 Nxf3+ 18. gxf3 Qd7 19. Re3 c6 20. Nc3 Bh6 21.
Ree1 Ne6 22. Rad1 1/2-1/2

[Event "Foxwoods Open"]
[Site "Ledyard, CT"]
[Date "2009.04.10"]
[Round "5"]
[White "Kelley, Dereque"]
[Black "Jiang, Louie"]
[Result "1-0"]
[WhiteElo "2125"]
[BlackElo "2293"]
[PlyCount "117"]
[EventDate "2009.04.??"]
[EventRounds "9"]
[EventCountry "USA"]
[Source "MonRoi"]

1. d4 d5 2. c4 e6 3. Nc3 Nf6 4. cxd5 exd5 5. Bg5 c6 6. Qc2 g6 7. e3 Bf5 8. Bd3
Bxd3 9. Qxd3 Be7 10. Bxf6 Bxf6 11. Nf3 O-O 12. O-O Na6 13. Rab1 Nb4 14. Qd2 a5
15. a3 Na6 16. b4 axb4 17. axb4 b5 18. Rfc1 Qe7 19. Ne2 Rfc8 20. Nf4 Qe8 21.
Qc3 Be7 22. h3 Bd6 23. Nd3 f6 24. Nd2 Qe7 25. Qb3 Kg7 26. Rc2 Nb8 27. Ra2 Nd7
28. Rba1 Qe8 29. Nc5 Nb6 30. Ra7+ Kh8 31. R1a6 Rxa7 32. Rxa7 Ra8 33. Qa3 Na4
34. Rxa8 Qxa8 35. Ndb3 Kg7 36. Na5 Nb6 37. Kf1 Kf7 38. e4 dxe4 39. Nxe4 Be7 40.
Qb3+ Kg7 41. Qe6 Nd5 42. Qxc6 Qxc6 43. Nxc6 Kf7 44. Nc5 Ke8 45. g3 Bxc5 46.
bxc5 Kd7 47. Na5 Ke6 48. Ke2 Nb4 49. Kd2 Kd5 50. Kc3 Na6 51. Nb3 b4+ 52. Kd3
Nc7 53. Na1 Nb5 54. Nc2 b3 55. Ne3+ Kc6 56. Nd1 f5 57. Kc4 Nc7 58. Nb2 h6 59.
Nd3 1-0

[Event "Foxwoods Open"]
[Site "Ledyard, CT"]
[Date "2009.04.10"]
[Round "5"]
[White "Kudryavtsev, Vadim"]
[Black "Amarasinghe, Prashantha"]
[Result "1-0"]
[WhiteElo "2196"]
[BlackElo "1994"]
[PlyCount "59"]
[EventDate "2009.04.??"]
[EventRounds "9"]
[EventCountry "USA"]
[Source "MonRoi"]

1. Nf3 Nf6 2. c4 g6 3. Nc3 Bg7 4. e4 d6 5. d4 O-O 6. Be2 e5 7. O-O Nc6 8. d5
Ne7 9. Ne1 Nd7 10. Nd3 f5 11. Bd2 Nf6 12. f3 f4 13. c5 g5 14. Rc1 Ng6 15. cxd6
cxd6 16. Nb5 Qb6+ 17. Nf2 Rf7 18. a4 h5 19. a5 Qd8 20. h3 a6 21. Na3 b5 22.
axb6 Nh4 23. Ba5 Rb7 24. Rc7 Rxc7 25. bxc7 Qe7 26. Qb3 Nd7 27. Nc4 Nxg2 28.
Kxg2 g4 29. fxg4 Nc5 30. Qf3 1-0

[Event "Foxwoods Open"]
[Site "Ledyard, CT"]
[Date "2009.04.10"]
[Round "5"]
[White "Parry, Matt"]
[Black "Becerra Rivero, Julio"]
[Result "0-1"]
[WhiteElo "2298"]
[BlackElo "2672"]
[PlyCount "120"]
[EventDate "2009.04.??"]
[EventRounds "9"]
[EventCountry "USA"]
[Source "MonRoi"]

1. e4 e5 2. Nf3 Nc6 3. Bb5 a6 4. Bxc6 dxc6 5. O-O Bg4 6. h3 h5 7. d3 Qf6 8.
Nbd2 Ne7 9. Nc4 Bxf3 10. Qxf3 Qxf3 11. gxf3 Ng6 12. Be3 c5 13. Rfd1 f6 14. Kf1
Be7 15. a3 b6 16. c3 a5 17. a4 Rd8 18. Ke2 Kf7 19. Rg1 Bd6 20. Rg3 Nf8 21. f4
exf4 22. Nxd6+ cxd6 23. Bxf4 Ne6 24. Be3 h4 25. Rg4 Rh5 26. b4 axb4 27. cxb4
Ra8 28. a5 b5 29. Rgg1 Rhh8 30. Rgb1 Rhb8 31. f4 g6 32. a6 Rb6 33. bxc5 dxc5
34. a7 f5 35. exf5 gxf5 36. Ra5 Rb7 37. Rbxb5 Rxb5 38. Rxb5 Rxa7 39. Bxc5 Ra2+
40. Kf3 Rh2 41. Rb7+ Kg6 42. Rb6 Rxh3+ 43. Kg2 Rg3+ 44. Kh2 Kf7 45. Rb7+ Kf6
46. Be7+ Kg6 47. Bxh4 Rxd3 48. Rb6 Re3 49. Bf2 Re4 50. Bd4 Kh5 51. Be5 Nxf4 52.
Bxf4 Rxf4 53. Kg3 Rg4+ 54. Kf3 Kg5 55. Rb3 Rh4 56. Kf2 Rh2+ 57. Kg3 Ra2 58. Rc3
Ra4 59. Kf2 Rf4+ 60. Rf3 Kg4 0-1

[Event "Foxwoods Open"]
[Site "Ledyard, CT"]
[Date "2009.04.10"]
[Round "5"]
[White "Perelshteyn, Eugene"]
[Black "Uesugi, Shinsaku"]
[Result "1-0"]
[WhiteElo "2599"]
[BlackElo "2348"]
[PlyCount "79"]
[EventDate "2009.04.??"]
[EventRounds "9"]
[EventCountry "USA"]
[Source "MonRoi"]

1. c4 Nf6 2. Nc3 d5 3. cxd5 Nxd5 4. Nf3 g6 5. Qa4+ Bd7 6. Qb3 Nb6 7. d4 Bg7 8.
Bf4 O-O 9. e3 Na6 10. Bxa6 bxa6 11. O-O a5 12. Qa3 a4 13. Qc5 Rc8 14. Rfc1 Qe8
15. b3 Bc6 16. Nxa4 Bxa4 17. bxa4 Qxa4 18. Qxe7 Nd5 19. Qc5 Nxf4 20. exf4 Rfd8
21. Rc4 Qa6 22. a4 c6 23. Rac1 Bf8 24. Qe5 Re8 25. Qg5 Be7 26. Qg4 f5 27. Qg3
Ba3 28. R1c2 Re2 29. h4 Rxc2 30. Rxc2 Qxa4 31. Re2 Qc4 32. Re5 Bd6 33. Re1 Bb4
34. Ne5 Qc3 35. Re3 Qxd4 36. Rd3 Qe4 37. Nxg6 Re8 38. Rd7 Qe1+ 39. Kh2 Qc3 40.
Qg5 1-0

[Event "Foxwoods Open"]
[Site "Ledyard, CT"]
[Date "2009.04.10"]
[Round "5"]
[White "Sammour Hasbun, Jorge E"]
[Black "Schneider, Igor"]
[Result "1/2-1/2"]
[WhiteElo "2611"]
[BlackElo "2443"]
[PlyCount "65"]
[EventDate "2009.04.??"]
[EventRounds "9"]
[EventCountry "USA"]
[Source "MonRoi"]

1. d4 d5 2. c4 e6 3. Nc3 c6 4. e4 Bb4 5. e5 c5 6. a3 Bxc3+ 7. bxc3 Nc6 8. Nf3
Nge7 9. Bd3 cxd4 10. cxd4 dxc4 11. Bxc4 Nf5 12. Bb2 Qa5+ 13. Kf1 O-O 14. Qd3
Bd7 15. g4 Nfe7 16. Ng5 Ng6 17. h4 h6 18. h5 hxg5 19. hxg6 fxg6 20. Rh2 Ne7 21.
Bc3 Qc7 22. Bd2 Rac8 23. Rc1 Qb6 24. Bxg5 Nd5 25. Rb1 Qc7 26. Bxd5 exd5 27.
Qxg6 Qc2 28. Qxc2 Rxc2 29. Rxb7 Bxg4 30. Rxa7 Ra2 31. Rc7 Rxa3 32. Bc1 Rd3 33.
f4 1/2-1/2

[Event "Foxwoods Open"]
[Site "Ledyard, CT"]
[Date "2009.04.10"]
[Round "5"]
[White "Sarkar, Justin"]
[Black "Yang, Darwin"]
[Result "1-0"]
[WhiteElo "2452"]
[BlackElo "2313"]
[PlyCount "93"]
[EventDate "2009.04.??"]
[EventRounds "9"]
[EventCountry "USA"]
[Source "MonRoi"]

1. d4 d5 2. c4 c6 3. Nf3 e6 4. Nc3 Nf6 5. Bg5 dxc4 6. e4 b5 7. e5 h6 8. Bh4 g5
9. Nxg5 hxg5 10. Bxg5 Nbd7 11. exf6 Bb7 12. g3 Qb6 13. Bg2 O-O-O 14. O-O c5 15.
d5 b4 16. Na4 Qa6 17. a3 Bxd5 18. Bxd5 Ne5 19. axb4 Rxd5 20. Qe2 cxb4 21. Rfc1
Qc6 22. Bf4 Nd3 23. Rxc4 Qxc4 24. Rc1 Qxc1+ 25. Bxc1 Nxc1 26. Qc2+ Kb8 27. Qxc1
Bd6 28. h4 Rc8 29. Qh6 Kb7 30. Qh7 Rc7 31. h5 Rf5 32. h6 Be5 33. f4 Bxf6 34.
Kg2 Bd4 35. Qg8 Ra5 36. Qe8 Rh5 37. Qf8 a5 38. g4 Rh4 39. Kg3 Rh1 40. Qd6 Ba7
41. g5 Rg1+ 42. Kf3 Rcc1 43. Qd7+ Ka8 44. Qe8+ Kb7 45. Qxf7+ Kb8 46. h7 Rcf1+
47. Ke4 1-0

[Event "Foxwoods Open"]
[Site "Ledyard, CT"]
[Date "2009.04.10"]
[Round "5"]
[White "Shankland, Samuel"]
[Black "Ehlvest, Jaan"]
[Result "1/2-1/2"]
[WhiteElo "2477"]
[BlackElo "2649"]
[PlyCount "77"]
[EventDate "2009.04.??"]
[EventRounds "9"]
[EventCountry "USA"]
[Source "MonRoi"]

1. e4 g6 2. d4 Bg7 3. Nc3 d6 4. f4 Nf6 5. Nf3 O-O 6. Bd3 Na6 7. O-O c5 8. d5
Rb8 9. Qe2 Nc7 10. a4 a6 11. a5 Bg4 12. h3 Bxf3 13. Qxf3 Nd7 14. Nd1 e6 15.
dxe6 fxe6 16. Qg3 Kh8 17. c3 Qe7 18. Ne3 d5 19. e5 c4 20. Bc2 Nb5 21. Kh2 Rbc8
22. Rd1 Nc5 23. Ng4 Nb3 24. Bxb3 cxb3 25. Ra4 Qf7 26. Qd3 Qf5 27. Qxf5 Rxf5 28.
Rb4 Rf7 29. Rxb3 Rc4 30. g3 Ra4 31. Be3 Rxa5 32. Bc5 Ra4 33. Ne3 Bf8 34. Bxf8
Rxf8 35. Kg2 h5 36. Nc2 Rc8 37. Kf3 Kg8 38. Rb4 Rxb4 39. Nxb4 1/2-1/2

[Event "Foxwoods Open"]
[Site "Ledyard, CT"]
[Date "2009.04.10"]
[Round "5"]
[White "Shvartsman, Andrew"]
[Black "Ippolito, Dean"]
[Result "0-1"]
[WhiteElo "2145"]
[BlackElo "2515"]
[PlyCount "80"]
[EventDate "2009.04.??"]
[EventRounds "9"]
[EventCountry "USA"]
[Source "MonRoi"]

1. e4 e5 2. Nf3 Nf6 3. Nxe5 d6 4. Nf3 Nxe4 5. d4 d5 6. Bd3 Bd6 7. O-O O-O 8. c4
c6 9. Nc3 Nxc3 10. bxc3 dxc4 11. Bxc4 Bg4 12. h3 Bh5 13. Re1 Nd7 14. g4 Bg6 15.
Bg5 Qc7 16. Nh4 b5 17. Nxg6 hxg6 18. Bb3 Nb6 19. Qf3 Rae8 20. Re3 Rxe3 21. fxe3
a5 22. e4 a4 23. Bc2 f6 24. Be3 c5 25. Bd3 cxd4 26. cxd4 Qc3 27. Rd1 Nc4 28.
Bxc4+ Qxc4 29. Qg2 g5 30. Qb2 Re8 31. Qg2 b4 32. e5 fxe5 33. dxe5 Bc5 34. Qf2
Rxe5 35. Bxc5 Qxc5 36. Rd8+ Kh7 37. Qxc5 Rxc5 38. Rd2 b3 39. axb3 axb3 40. Rb2
Rc1+ 0-1

[Event "Foxwoods Open"]
[Site "Ledyard, CT"]
[Date "2009.04.10"]
[Round "5"]
[White "Sobo, Henry C"]
[Black "West, Jonathan"]
[Result "1-0"]
[WhiteElo "2033"]
[BlackElo "1992"]
[PlyCount "87"]
[EventDate "2009.04.??"]
[EventRounds "9"]
[EventCountry "USA"]
[Source "MonRoi"]

1. c4 e6 2. g3 Nf6 3. Bg2 d5 4. Nf3 b6 5. cxd5 exd5 6. O-O Bd6 7. d4 Nbd7 8.
Nc3 Bb7 9. Nb5 Be7 10. Bf4 Rc8 11. Nxa7 Ra8 12. Nb5 Rc8 13. Rc1 c6 14. Nd6+
Bxd6 15. Bxd6 Ne4 16. Ba3 c5 17. Nd2 f5 18. Nb3 c4 19. Nd2 Ndf6 20. f3 Nd6 21.
Bxd6 Qxd6 22. Nb1 h5 23. Qd2 h4 24. Qg5 Kf7 25. g4 h3 26. Bh1 g6 27. Qd2 f4 28.
Rce1 Rce8 29. e4 fxe3 30. Rxe3 Rxe3 31. Qxe3 Re8 32. Qd2 Qe6 33. Nc3 Kg7 34.
Rf2 Rf8 35. Re2 Ne4 36. Qe3 Qf6 37. Re1 Ng5 38. Qe7+ Kh6 39. Qxf6 Rxf6 40. Re3
Ne6 41. Re5 g5 42. Ne2 Nf4 43. Nxf4 gxf4 44. g5+ 1-0

[Event "Foxwoods Open"]
[Site "Ledyard, CT"]
[Date "2009.04.10"]
[Round "5"]
[White "Szuper, Paul"]
[Black "Friedel, Joshua"]
[Result "0-1"]
[WhiteElo "2231"]
[BlackElo "2568"]
[PlyCount "108"]
[EventDate "2009.04.??"]
[EventRounds "9"]
[EventCountry "USA"]
[Source "MonRoi"]

1. d4 Nf6 2. Nf3 c5 3. e3 g6 4. Be2 Bg7 5. O-O O-O 6. b3 d5 7. Bb2 Ne4 8. Nbd2
Nc6 9. c4 Bf5 10. Rc1 cxd4 11. Nxd4 Nxd4 12. Bxd4 Bxd4 13. exd4 Qa5 14. Nxe4
Bxe4 15. cxd5 Rac8 16. Bc4 Bxd5 17. Bxd5 Qxd5 18. Qg4 e6 19. h3 Rfd8 20. Qf4 b6
21. g3 a5 22. Qe5 Rxc1 23. Rxc1 Qxd4 24. Qxd4 Rxd4 25. Rc6 b5 26. Ra6 a4 27.
bxa4 bxa4 28. h4 Kg7 29. Kg2 h5 30. Ra7 Kf6 31. Ra5 e5 32. Ra7 Ke6 33. Ra5 f6
34. Ra8 Kf5 35. Ra6 g5 36. hxg5 Kxg5 37. Ra8 h4 38. gxh4+ Rxh4 39. Ra6 Rc4 40.
Ra5 Kf4 41. Ra6 f5 42. Ra5 Ke4 43. a3 Kf4 44. Ra7 e4 45. Ra5 Kg4 46. Ra8 f4 47.
Rg8+ Kf5 48. Ra8 Rc2 49. Rf8+ Ke5 50. Re8+ Kd4 51. Rf8 e3 52. Rxf4+ Kc3 53.
Rxa4 Rxf2+ 54. Kg3 Rf1 0-1

[Event "Foxwoods Open"]
[Site "Ledyard, CT"]
[Date "2009.04.10"]
[Round "5"]
[White "Thompson, Buddy"]
[Black "Daly, Troy"]
[Result "0-1"]
[WhiteElo "1932"]
[BlackElo "2145"]
[PlyCount "56"]
[EventDate "2009.04.??"]
[EventRounds "9"]
[EventCountry "USA"]
[Source "MonRoi"]

1. d4 Nf6 2. c4 g6 3. Nc3 d5 4. cxd5 Nxd5 5. Nf3 Bg7 6. Qb3 Nxc3 7. bxc3 O-O 8.
Bf4 c5 9. e3 cxd4 10. cxd4 Qa5+ 11. Nd2 Nc6 12. Rd1 e5 13. dxe5 Nxe5 14. Qb5
Qc3 15. Qb3 Qa5 16. Qb5 Qc3 17. Qb3 Qc6 18. Qb5 Qe6 19. Qb3 Rd8 20. Be2 Qe7 21.
Nf3 Be6 22. Qa4 Rxd1+ 23. Kxd1 Rd8+ 24. Ke1 Nxf3+ 25. gxf3 Qc5 26. Bd1 Qc3+ 27.
Kf1 Bh3+ 28. Kg1 Qe1# 0-1

[Event "Foxwoods Open"]
[Site "Ledyard, CT"]
[Date "2009.04.11"]
[Round "6"]
[White "Becerra Rivero, Julio"]
[Black "Betaneli, Aleksandr"]
[Result "1-0"]
[WhiteElo "2672"]
[BlackElo "2325"]
[PlyCount "65"]
[EventDate "2009.04.??"]
[EventRounds "9"]
[EventCountry "USA"]
[Source "MonRoi"]

1. e4 e5 2. Nf3 Nc6 3. Bb5 a6 4. Ba4 Nf6 5. O-O Be7 6. Re1 b5 7. Bb3 d6 8. c3
O-O 9. h3 Na5 10. Bc2 c5 11. d4 Qc7 12. d5 c4 13. b4 cxb3 14. axb3 Nb7 15. Na3
Bd7 16. Bd2 Rfb8 17. Qe2 Be8 18. Ra2 Nc5 19. b4 Ncd7 20. Rea1 Nb6 21. Bb3 Rc8
22. Rc1 Nc4 23. Nxc4 bxc4 24. Bc2 Bb5 25. Rca1 Rab8 26. Be3 Rb7 27. Nd2 Bd8 28.
Rxa6 Bxa6 29. Rxa6 Qe7 30. Ba4 Bc7 31. Bc6 Bb8 32. Bxb7 Qxb7 33. Ra2 1-0

[Event "Foxwoods Open"]
[Site "Ledyard, CT"]
[Date "2009.04.11"]
[Round "6"]
[White "Dougherty, Michael"]
[Black "Shankland, Samuel"]
[Result "0-1"]
[WhiteElo "2263"]
[BlackElo "2477"]
[PlyCount "68"]
[EventDate "2009.04.??"]
[EventRounds "9"]
[EventCountry "USA"]
[Source "MonRoi"]

1. Nf3 d5 2. b3 Nf6 3. Bb2 Bf5 4. e3 e6 5. Be2 Nbd7 6. Nh4 Bg6 7. d3 c6 8. Nd2
Bd6 9. g3 Qe7 10. a4 O-O 11. Nxg6 hxg6 12. O-O a5 13. Bf3 Rfd8 14. Qe2 e5 15.
e4 d4 16. Bg2 Bc7 17. Rae1 b5 18. axb5 cxb5 19. f4 a4 20. bxa4 bxa4 21. Nc4 a3
22. Ba1 Nb6 23. fxe5 Nfd7 24. Nd6 Nxe5 25. Nb5 Qc5 26. Nxc7 Qxc7 27. Rb1 Na4
28. Rb3 Nc3 29. Qe1 Rdb8 30. Bxc3 dxc3 31. Rxc3 Qb6+ 32. Kh1 Qb2 33. Qa1 Qxa1
34. Rxa1 a2 0-1

[Event "Foxwoods Open"]
[Site "Ledyard, CT"]
[Date "2009.04.11"]
[Round "6"]
[White "Friedel, Joshua"]
[Black "Sadvakasov, Darmen"]
[Result "1/2-1/2"]
[WhiteElo "2568"]
[BlackElo "2611"]
[PlyCount "54"]
[EventDate "2009.04.??"]
[EventRounds "9"]
[EventCountry "USA"]
[Source "MonRoi"]

1. e4 c5 2. Nf3 d6 3. d4 cxd4 4. Nxd4 Nf6 5. Nc3 a6 6. f4 e5 7. Nf3 Nbd7 8. a4
Be7 9. Bd3 O-O 10. O-O Nc5 11. Qe1 exf4 12. Bxf4 Bg4 13. Kh1 Re8 14. Qg3 Bh5
15. Be3 Nxd3 16. cxd3 Bg6 17. Bd4 b6 18. Ne1 Rc8 19. Qf2 Ng4 20. Qg1 b5 21.
axb5 axb5 22. Ra7 Ra8 23. Bb6 Qb8 24. Rxa8 Qxa8 25. Nxb5 Qb7 26. Nc7 Rb8 27.
Nd5 Nf6 1/2-1/2

[Event "Foxwoods Open"]
[Site "Ledyard, CT"]
[Date "2009.04.11"]
[Round "6"]
[White "Gershenov, Ben"]
[Black "Cardona, Liulia"]
[Result "1-0"]
[WhiteElo "2062"]
[BlackElo "2181"]
[PlyCount "123"]
[EventDate "2009.04.??"]
[EventRounds "9"]
[EventCountry "USA"]
[Source "MonRoi"]

1. e4 e5 2. Nf3 d6 3. d4 Bg4 4. Bc4 Nd7 5. c3 Ngf6 6. Bg5 Be7 7. Qb3 O-O 8.
Nbd2 exd4 9. cxd4 Nb6 10. Bd3 Nfd5 11. Bxe7 Qxe7 12. O-O-O Nf4 13. Bc2 c5 14.
dxc5 dxc5 15. Kb1 c4 16. Qe3 Nd3 17. Nxc4 Nxf2 18. Qxf2 Nxc4 19. Bb3 b5 20. e5
Rac8 21. Rhe1 a5 22. Rd4 Bf5+ 23. Ka1 a4 24. Bxc4 bxc4 25. Nd2 Qc5 26. Rf4 Qxf2
27. Rxf2 Bd3 28. Ne4 a3 29. Nc3 Rfe8 30. bxa3 f6 31. e6 Rc6 32. e7 Rd6 33. Kb2
Rd7 34. a4 Rexe7 35. Rxe7 Rxe7 36. Nb5 Re8 37. Kc3 Ra8 38. Kb4 Kf8 39. Nc3 Ke7
40. a5 Kd6 41. a4 Kc6 42. Nb5 Kb7 43. Rf4 Rd8 44. g4 Rd7 45. h4 Ka6 46. Rf3 Re7
47. g5 f5 48. Nd6 g6 49. Rf4 Re1 50. Nxc4 Rb1+ 51. Kc3 Bxc4 52. Kxc4 Kxa5 53.
Kc5 Rc1+ 54. Kd5 Ra1 55. Rf2 Rxa4 56. Rh2 Kb6 57. Ke6 Rg4 58. Kf6 f4 59. Kg7 f3
60. Kxh7 Rf4 61. Kxg6 Rc4 62. Rf2 1-0

[Event "Foxwoods Open"]
[Site "Ledyard, CT"]
[Date "2009.04.11"]
[Round "6"]
[White "Jiang, Louie"]
[Black "Williams, Christopher"]
[Result "0-1"]
[WhiteElo "2293"]
[BlackElo "2199"]
[PlyCount "100"]
[EventDate "2009.04.??"]
[EventRounds "9"]
[EventCountry "USA"]
[Source "MonRoi"]

1. e4 c5 2. Nf3 e6 3. d4 cxd4 4. Nxd4 a6 5. Bd3 Nc6 6. Nb3 Qc7 7. Be3 Nf6 8.
O-O d6 9. Qe2 g6 10. c4 Bg7 11. Nc3 O-O 12. Rac1 Bd7 13. Na4 Be8 14. Nb6 Rd8
15. f4 Qe7 16. Kh1 Nd7 17. Rcd1 f5 18. Nxd7 Bxd7 19. Bb6 Rc8 20. Qd2 Nd8 21. c5
fxe4 22. Bxe4 d5 23. Rf2 Rf7 24. Bb1 Nc6 25. Na5 Nxa5 26. Qxa5 Bc6 27. Qd2 e5
28. fxe5 Rxf2 29. Qxf2 Qxe5 30. Ba5 Rf8 31. Qd2 Qxb2 32. Qxb2 Bxb2 33. Kg1 Rf4
34. g3 Rc4 35. Bd3 Rxc5 36. Bd2 Bc3 37. Bf4 Ra5 38. Bb1 Rb5 39. Bc2 d4 40. Rf1
g5 41. Bc1 Re5 42. h4 h6 43. hxg5 hxg5 44. Ba3 g4 45. Rf4 Re1+ 46. Kf2 Bf3 47.
Bb3+ Kg7 48. Bf8+ Kh8 49. Rf5 Rh1 50. Re5 d3 0-1

[Event "Foxwoods Open"]
[Site "Ledyard, CT"]
[Date "2009.04.11"]
[Round "6"]
[White "Lucente, Mike"]
[Black "Ng, Andrew"]
[Result "1-0"]
[WhiteElo "2010"]
[BlackElo "2161"]
[PlyCount "107"]
[EventDate "2009.04.??"]
[EventRounds "9"]
[EventCountry "USA"]
[Source "MonRoi"]

1. d4 d5 2. a3 Bf5 3. Nf3 e6 4. Bf4 Bd6 5. Bg3 Nf6 6. e3 O-O 7. Nbd2 c5 8. dxc5
Bxc5 9. b4 Bd6 10. Bd3 Bxd3 11. cxd3 Nc6 12. d4 Re8 13. O-O Bxg3 14. hxg3 Qd6
15. Qc2 Rac8 16. Rfc1 Qd7 17. Qd3 e5 18. Nxe5 Nxe5 19. dxe5 Rxe5 20. Qd4 Re6
21. Qxa7 Ra6 22. Rxc8+ Qxc8 23. Qc5 Rc6 24. Qd4 Rc1+ 25. Rxc1 Qxc1+ 26. Nf1
Qxa3 27. Qb6 h5 28. Qxb7 Qb2 29. Qb8+ Kh7 30. Qf4 Kg8 31. f3 Kf8 32. Qd4 Qxd4
33. exd4 Ke7 34. Kf2 Kd6 35. Ke3 Kc6 36. Kd3 Ne8 37. Ne3 Nd6 38. Kc2 Nb5 39.
Kd3 Nd6 40. g4 hxg4 41. Nxg4 Kb5 42. Ne3 Kc6 43. g4 f6 44. Nd1 Kb5 45. Nc3+ Kc6
46. Kc2 Nc4 47. Kd3 Nd6 48. f4 Nb5 49. Na4 Nd6 50. Nc3 Nb5 51. Nxb5 Kxb5 52.
Kc3 Kb6 53. Kb3 Kb5 54. f5 1-0